Crayons (Sudden Death) - Statistics

General Stats
  • This quiz has been taken 41 times
  • The average score is 4 of 8
Answers on the Grid
Answers color-coded by a green-red scale on the quiz's grid according to % correct below.
Yellow
White
Green
Blue
Salmon
Violet
Brown
Turquoise
Orange
Black
Pink
Red
Gray
Indigo
 
Answer Stats
Answer % Correct
Yellow
90%
Green
74%
Orange
55%
Brown
48%
Blue
35%
Red
32%
Black
26%
Violet
13%
No matching quizzes found
Score Distribution
Percent of People with Each Score
Percentile by Number Answered
Your Score History
You have not taken this quiz